000 01182nam a22002897a 4500
999 _c18291
_d18291
003 AR-CdUCM
008 190513b ||||| |||| 00| 0 spa d
040 _aMUNICIPALIDAD PROVINCIAL DEL CUSCO
_cBIBLIOTECA MUNICIPAL DEL CUSCO
041 _heng
082 _a575.1 /
_bC91
100 _aCrowder, Norman A.
_938795
245 _aIntroducción a la genética :
_bmanual autoprogramado /
260 _aBuenos Aires :
_bPaidos,
_c1973.
300 _a269 páginas ;
_bfiguras, tablas,
_c23.5 cm.
440 _aBiblioteca del Educador Contemporáneo / Serie Didáctica Fundamental.
_n1
_938796
505 _aContenido: v.1: Principios básicos -- Terminología y mecanismo -- Rasgos dominantes y rasgos recesivos -- Alelos múltiples -- Estructura y efecto de los genes -- Selección independiente ...
650 _aGenética
_95063
650 _aHíbridos
_919196
650 _aTextos programados
_936060
650 _aRasgos
_938797
700 _aClementi, José (traducción)
_936534
700 _aMccormack, James (ilustración)
_938798
710 _aCentro Regional de Ayuda Técnica.
_910048
710 _aA.I.D.
_938799
942 _2ddc
_cLIBROS
945 _aachl
_d2019-05-13